000 00747nam a2200253Ia 4500
003 OSt
005 20220923223716.0
006 a|||||r|||| 00| 0
007 ta
008 220922b |||||||| |||| 00| 0 hin d
024 _a220,405
037 _cTextual
040 _aARTS
_cARTS
_bhin
041 _2hin
_ahin
082 _aO152,3 N65,MA, P4
100 _aशुक्ल, राजीव
_9156290
245 0 _aमाइग्रेशन
246 _aMāigreshana
260 _aदिल्ली
_b अनंग
_c2004
300 _a209i`
_ccm.
650 _aहिन्दी साहित्य
_9156264
942 _hO152,3 N65,MA, P4
_cTEXL
_2CC
999 _c366878
_d366878